000 00333nam a22001577a 4500
003 SGT
020 _a9780199479313
082 _a820,ALB
100 _aALBERT, EDWARD
245 _aHISTORY OF ENGLISH LITERATURE
250 _a5TH
260 _aINDIA
_bOXFORD
_c2019
300 _a730
650 _aENGLISH
942 _2ddc
_cBK
_015
999 _c19574
_d19574